Georgia County Seats - Statistics

General Stats
  • This quiz has been taken 85 times
  • The average score is 78 of 159
Answer Stats
County County Seat % Correct
Bibb Macon
94%
Fulton Atlanta
91%
Richmond Augusta
88%
Clarke Athens
85%
Chatham Savannah
82%
Lowndes Valdosta
79%
Muscogee Columbus
76%
Baldwin Milledgeville
76%
DeKalb Decatur
73%
Dougherty Albany
70%
Glynn Brunswick
70%
Coffee Douglas
70%
Gwinnett Lawrenceville
70%
Cobb Marietta
70%
Bulloch Statesboro
70%
Carroll Carrollton
67%
Laurens Dublin
67%
Fayette Fayetteville
67%
Hall Gainesville
67%
Butts Jackson
67%
Columbia Appling/Evans
64%
Forsyth Cumming
64%
Floyd Rome
64%
Thomas Thomasville
64%
Tift Tifton
64%
Fannin Blue Ridge
61%
Grady Cairo
61%
Bartow Cartersville
61%
Whitfield Dalton
61%
Douglas Douglasville
61%
Jackson Jefferson
61%
Wilkes Washington
61%
Ware Waycross
61%
Bacon Alma
58%
Decatur Bainbridge
58%
Lumpkin Dahlonega
58%
Terrell Dawson
58%
Pickens Jasper
58%
Wayne Jesup
58%
Morgan Madison
58%
Coweta Newnan
58%
Oconee Watkinsville
58%
Barrow Winder
58%
Gordon Calhoun
55%
Cherokee Canton
55%
Rabun Clayton
55%
Rockdale Conyers
55%
Paulding Dallas
55%
Dawson Dawsonville
55%
Putnam Eatonton
55%
Hart Hartwell
55%
Banks Homer
55%
Clayton Jonesboro
55%
Walton Monroe
55%
Houston Perry
55%
Crisp Cordele
52%
Elbert Elberton
52%
Charlton Folkston
52%
Greene Greensboro
52%
Harris Hamilton
52%
Liberty Hinesville
52%
Troup LaGrange
52%
Lee Leesburg
52%
Henry McDonough
52%
Colquitt Moultrie
52%
Upson Thomaston
52%
Stephens Toccoa
52%
Sumter Americus
48%
Appling Baxley
48%
Pierce Blackshear
48%
Bleckley Cochran
48%
Newton Covington
48%
Taliaferro Crawfordville
48%
McIntosh Darien
48%
Dodge Eastman
48%
Gilmer Ellijay
48%
Monroe Forsyth
48%
Jones Gray
48%
Spalding Griffin
48%
Walker LaFayette
48%
Lincoln Lincolnton
48%
Candler Metter
48%
Baker Newton
48%
Catoosa Ringgold
48%
Talbot Talbotton
48%
Dade Trenton
48%
Camden Woodbine
48%
Pike Zebulon
48%
Habersham Clarkesville
45%
Ben Hill Fitzgerald
45%
Heard Franklin
45%
Meriwether Greenville
45%
Long Ludowici
45%
Jasper Monticello
45%
Berrien Nashville
45%
Brooks Quitman
45%
Washington Sandersville
45%
Hancock Sparta
45%
Emanuel Swainsboro
45%
Burke Waynesboro
45%
Early Blakely
42%
Evans Claxton
42%
White Cleveland
42%
Clay Fort Gaines
42%
Jefferson Louisville
42%
Brantley Nahunta
42%
Irwin Ocilla
42%
Bryan Pembroke
42%
Tattnall Reidsville
42%
McDuffie Thomson
42%
Dooly Vienna
42%
Cook Adel
39%
Chattahoochee Cusseta
39%
Madison Danielsville
39%
Seminole Donalsonville
39%
Peach Fort Valley
39%
Quitman Georgetown
39%
Jeff Davis Hazelhurst
39%
Wilkinson Irwinton
39%
Jenkins Millen
39%
Treutlen Soperton
39%
Effingham Springfield
39%
Screven Sylvania
39%
Warren Warrenton
39%
Johnson Wrightsville
39%
Lamar Barnesville
36%
Union Blairsville
36%
Franklin Carnesville
36%
Twiggs Jeffersonville
36%
Oglethorpe Lexington
36%
Macon Oglethorpe
36%
Turner Ashburn
33%
Haralson Buchanan
33%
Mitchell Camilla
33%
Polk Cedartown
33%
Murray Chatsworth
33%
Miller Colquitt
33%
Randolph Cuthbert
33%
Towns Hiawassee
33%
Clinch Homerville
33%
Lanier Lakeland
33%
Stewart Lumpkin
33%
Toombs Lyons
33%
Calhoun Morgan
33%
Montgomery Mount Vernon
33%
Atkinson Pearson
33%
Chattooga Summerville
33%
Worth Sylvester
33%
Marion Buena Vista
30%
Pulaski Hawkinsville
30%
Telfair McRae-Helena
30%
Wilcox Abbeville
27%
Wheeler Alamo
27%
Glascock Gibson
27%
Crawford Knoxville
27%
Echols Statenville
27%
Schley Ellaville
24%
Webster Preston
24%
Taylor Butler
21%
No matching quizzes found
Score Distribution
Percent of People with Each Score
Percentile by Number Answered
Your Score History
You have not taken this quiz